Sports Quiz

Random Sports or MLB Quiz

Pitchers With at Least 50 Career Shutouts Quiz Stats

 Plays Quiz not verified by Sporcle

Score 0/20 Timer 05:00
0 Plays Today
Years in League Pitcher % Correct
21Walter Johnson
98.3%
22Cy Young
87%
16Bob Gibson
87%
20Tom Seaver
86.1%
17Christopher Mathewson
83.5%
27Nolan Ryan
81.7%
20Pete Alexander
80.9%
21Warren Spahn
77.4%
14Steve Carlton
76.5%
24Jim Palmer
69.6%
Years in League Pitcher % Correct
22Juan Marichal
65.2%
17Eddie Plank
64.3%
19Gaylord Perry
64.3%
23Don Sutton
63.5%
22Bert Blyleven
61.7%
17Mordecai Brown
57.4%
15Pud Galvin
48.7%
14Ed Walsh
47.8%
13Rube Waddell
40.9%
13Vic Willis
16.5%

You're not logged in!

Compare scores with friends on all Sporcle quizzes.
OR
Log In

Sporcle TV

Today on Sporcle TV


Watch our educational content, quiz creation guides, and fun videos on Sporcle TV.

Show Comments

Extras

Top Quizzes Today


Score Distribution

Your Account Isn't Verified!

In order to create a playlist on Sporcle, you need to verify the email address you used during registration. Go to your Sporcle Settings to finish the process.

Report this User

Report this user for behavior that violates our Community Guidelines.

Details: